| 000 | 00930nam a2200229Ia 4500 | ||
|---|---|---|---|
| 999 |
_c39342 _d39342 |
||
| 001 | 5928 | ||
| 003 | GE_BSU | ||
| 005 | 20190826101004.0 | ||
| 008 | 181216s1969||||ge |||||||||||||| ||geo|| | ||
| 040 | _cGE_BSU | ||
| 041 | _ageo | ||
| 080 | _a821.353.1-1 ა-13 | ||
| 100 |
_aაბაშიძე, ირაკლი _93740 |
||
| 245 |
_aმიახლოვება. რუსთაველის ნაკვალევზე : _bლექსები / _cირაკლი აბაშიძე ; რედ. კარლო კალაძე. |
||
| 264 |
_aთბილისი : _bმერანი ; _c1969. |
||
| 300 |
_a195 გვ. ; _c16 სმ. |
||
| 653 | _aმიახლოვება | ||
| 653 | _a რუსთაველის ნაკვალევზე | ||
| 653 | _aლექსები | ||
| 700 |
_aკალაძე, კარლო _eრედაქტორი _93778 |
||
| 942 |
_cBK _2udc |
||